|
|
|
|
| LEADER |
00874pam a22002898a 4500 |
| 001 |
00036996 |
| 005 |
20171026081025.0 |
| 008 |
170413s2010 ||||||viesd |
| 041 |
0 |
# |
|a vie
|
| 082 |
1 |
4 |
|a 782.421 62
|b M458NG
|
| 245 |
0 |
0 |
|a 1000 năm âm nhạc Thăng Long Hà Nội
|n Quyển III
|p Nhạc cách tân
|
| 260 |
# |
# |
|a Hà Nội
|b Viện âm nhạc
|c 2010
|
| 300 |
# |
# |
|a 696tr.
|c 27cm.
|
| 653 |
# |
# |
|a Ca trù
|
| 653 |
# |
# |
|a Cung đình
|
| 653 |
# |
# |
|a Âm nhạc
|
| 653 |
# |
# |
|a Nhạc dân tộc
|
| 653 |
# |
# |
|a Nghiên cứu
|
| 653 |
# |
# |
|a Hà Nội
|
| 852 |
# |
# |
|j KD.0019863
|j KM.0020843
|j KM.0020909
|
| 852 |
# |
# |
|b Kho đọc
|j KD.0019863
|
| 852 |
# |
# |
|b Kho mượn
|j KM.0020843, KM.0020909
|
| 910 |
|
|
|d 13/04/2017
|
| 980 |
# |
# |
|a Trung tâm Học liệu Lê Vũ Hùng, Trường Đại học Đồng Tháp
|